The infamous boundary : seven decades of controversy in quantum physics

Αποθηκεύτηκε σε:
Λεπτομέρειες βιβλιογραφικής εγγραφής
Κύριος συγγραφέας: Wick, David
Μορφή: Βιβλίο
Γλώσσα:English
Δημοσίευση: Boston ; Basel : Birkhauser, 1995
Θέματα:
Ετικέτες: Προσθήκη ετικέτας
Δεν υπάρχουν, Καταχωρήστε ετικέτα πρώτοι!

MARC

LEADER 00000nam a2200000 i 4500
001 1/4869
008 000602s1995 eng d
020 |a 0817637850 
035 |l 10061380 
040 |a GR-MY-UA  |b gre  |e aacr 
041 0 |a eng 
082 0 |a 530.1209 
100 1 |a Wick, David. 
245 1 4 |a The infamous boundary :  |b seven decades of controversy in quantum physics /  |c David Wick ; with a mathematical appendix by William Farris 
260 |a Boston ; Basel :   |b Birkhauser,   |c 1995 
300 |a xvii, 310 p.;  |b ill.;  |c 24 cm. 
504 |a Includes bibliographical references and index 
650 0 0 |a Quantum theory  |x History. 
852 |a INST  |b SAMOS  |e 20000602  |h 530.1209 WIC  |p 005300019810  |q 005300019810  |t BK  |y 0 
901 |a BIBL3-2000-2 
909 |a Σ  |b 077777 
922 |a 3ΕΛΗ  |b 200004  |c ΚΠΣ  |d ΠΑΠΑΣΩΤΗΡΙΟΥ 
950 |a 116-1999-12-30 
970 |a ΓΕΝΟΥΖΟΥ  |b ΧΡΥΣΑΝΘΗ  |z 2000/06/02